00723nam a22002417a 4500001001000000003000500010005001700015008004100032010000900073011000900082035000900091040000900100100003100109245007800140260006400218300002100282490004500303500001100348650001400359700003500373700002800408830004500436000005028CHAP20220329133328.0971013s1991 r 00010 d a4976 a5948 a5164 cCHAP00aGarcía Moya, J. Jesús.10aCría del avestruz en el municipio de Río Bravo, Estado de Tamaulipas. aChapingo, Méx. :bUACH. Departamento de Zootecnia,c1991. a36 p. :b: ilus.1 aExperiencias en la producción pecuaria a55-10714aAvestruz.0 aPérez Ria, José Rigoberto.0 aRosas Mancilla, Felipe.0 aExperiencias en la producción pecuaria